000 00626nam a2200205Ia 4500
008 240729s9999 xx 000 0 und d
022 _a1751-9578
245 0 _aIET Intelligent Transport Systems
260 _aUnited Kingdom
260 _bWiley
650 _a Electronic computers. Computer science
650 _a Engineering (General). Civil engineering (General)
650 _a Instruments and machines
650 _a Mathematics
650 _a Transportation engineering | Science
650 _aTechnology
856 _uhttps://doaj.org/toc/3e84e436f2b740c58df8adb17b2e62ce
942 _2ddc
942 _cDOAJEJ
999 _c72637
_d72637
945 _a1
_bMadushi Gamage
_c1
_dMadushi Gamage